[Event "Budapest Vezerkepzo IM New Year"]
[Site "Budapest"]
[Date "2024.01.10"]
[Round "7"]
[White "Bokros, Albert"]
[Black "Bhagat, Kush"]
[Result "1/2-1/2"]
[WhiteElo "2460"]
[BlackElo "2161"]
[PlyCount "77"]
[EventDate "2024.01.05"]
[EventType "tourn"]
[EventRounds "11"]
[EventCountry "HUN"]
[SourceTitle "CB03_2024"]
[SourceDate "2024.01.17"]
[SourceVersion "1"]
[SourceVersionDate "2024.01.17"]
[SourceQuality "1"]

1. e4 c5 2. Nf3 d6 3. d4 cxd4 4. Qxd4 Nc6 5. Bb5 Bd7 6. Bxc6 Bxc6 7. Nc3 Nf6 8. Bg5 e6 9. 0-0-0 Be7 10. Qd3 0-0 11. Nd4 Rc8 12. f4 Qc7 13. Kb1 a6 14. h4 Rfd8 15. f5 e5 16. Bxf6 Bxf6 17. Nf3 b5 18. Rd2 b4 19. Nd5 Bxd5 20. Qxd5 Qb6 21. Rhd1 a5 22. g4 a4 23. g5 Rc5 24. Qd3 Be7 25. f6 Bf8 26. Qe3 b3 27. a3 bxc2+ 28. Rxc2 Rdc8 29. Rxc5 Rxc5 30. Rd5 Qc7 31. Rxc5 dxc5 32. Qd3 gxf6 33. gxf6 Qc6 34. Nxe5 Qxf6 35. Qd5 Bg7 36. Qa8+ Bf8 37. Qe8 h5 38. Ka2 Qe7 39. Qxe7 1/2-1/2

[Event "Titled Tuesday intern op 19th Sep Early"]
[Site "Chess.com INT"]
[Date "2023.09.19"]
[Round "1"]
[White "Bhagat, Kush"]
[Black "Buscar, Michael"]
[Result "1-0"]
[WhiteElo "2209"]
[BlackElo "2041"]
[PlyCount "107"]
[EventDate "2023.09.19"]
[EventType "swiss (blitz)"]
[EventRounds "11"]
[EventCountry "USA"]
[SourceTitle "EXT 2024"]
[Source "ChessBase"]
[SourceDate "2023.10.10"]
[SourceVersion "1"]
[SourceVersionDate "2023.10.10"]
[SourceQuality "1"]

1. d4 Nf6 2. Bf4 c5 3. e3 cxd4 4. exd4 d6 5. c3 g6 6. Nf3 Bg7 7. Be2 0-0 8. 0-0 b6 9. h3 Ba6 10. Nbd2 Bxe2 11. Qxe2 Nbd7 12. a4 a6 13. Ne4 Re8 14. Bh2 Qc7 15. Rfe1 Qb7 16. Nfd2 Nxe4 17. Nxe4 Nf6 18. Ng5 Bh6 19. Ne4 Nxe4 20. Qxe4 Qxe4 21. Rxe4 Bg5 22. Bg3 b5 23. axb5 axb5 24. Ree1 Reb8 25. f4 Bf6 26. Bf2 d5 27. Kf1 e6 28. Ke2 Be7 29. Kd3 Bd6 30. g3 h5 31. Be3 Rc8 32. g4 hxg4 33. hxg4 Kg7 34. f5 Rxa1 35. Rxa1 gxf5 36. gxf5 b4 37. fxe6 fxe6 38. Ra6 Rd8 39. cxb4 Kf6 40. b5 Rb8 41. b6 Rb7 42. Bd2 e5 43. Ba5 e4+ 44. Ke3 Ke6 45. Ra7 Rb8 46. b7 Rf8 47. Ra8 Bf4+ 48. Ke2 Bb8 49. Bb4 Re8 50. Be1 Kd7 51. Bg3 Kc6 52. Rxb8 Rxb8 53. Bxb8 Kxb7 54. Bd6 1-0

[Event "Titled Tuesday intern op 19th Sep Early"]
[Site "Chess.com INT"]
[Date "2023.09.19"]
[Round "6"]
[White "Bhagat, Kush"]
[Black "Madaminov, Mukhiddin"]
[Result "1-0"]
[WhiteElo "2209"]
[BlackElo "2484"]
[PlyCount "65"]
[EventDate "2023.09.19"]
[EventType "swiss (blitz)"]
[EventRounds "11"]
[EventCountry "USA"]
[SourceTitle "EXT 2024"]
[Source "ChessBase"]
[SourceDate "2023.10.10"]
[SourceVersion "1"]
[SourceVersionDate "2023.10.10"]
[SourceQuality "1"]

1. d4 e6 2. Bf4 b6 3. e3 Bb7 4. Nd2 f5 5. Ngf3 Nf6 6. c3 Be7 7. h3 0-0 8. Bd3 h6 9. 0-0 d6 10. a4 a6 11. Bh2 Nbd7 12. a5 b5 13. c4 bxc4 14. Bxc4 Bd5 15. Qc2 Qb8 16. Bxd5 Nxd5 17. e4 fxe4 18. Nxe4 Qb7 19. Rfe1 Rab8 20. Nc3 N7f6 21. Re2 Qb3 22. Qg6 Rf7 23. Rae1 Bf8 24. Rxe6 Qxb2 25. Rb1 Qxc3 26. Rxb8 Qxa5 27. Bg3 Qa2 28. Re1 a5 29. Nh4 Ne7 30. Rxe7 Rxe7 31. Nf5 Re1+ 32. Kh2 Nh7 33. Qxg7# 1-0

[Event "Titled Tuesday intern op 19th Sep Early"]
[Site "Chess.com INT"]
[Date "2023.09.19"]
[Round "11"]
[White "Orozbaev, Eldiar"]
[Black "Bhagat, Kush"]
[Result "1-0"]
[WhiteElo "2286"]
[BlackElo "2209"]
[PlyCount "151"]
[EventDate "2023.09.19"]
[EventType "swiss (blitz)"]
[EventRounds "11"]
[EventCountry "USA"]
[SourceTitle "EXT 2024"]
[Source "ChessBase"]
[SourceDate "2023.10.10"]
[SourceVersion "1"]
[SourceVersionDate "2023.10.10"]
[SourceQuality "1"]

1. e4 c5 2. c3 Nf6 3. e5 Nd5 4. d4 cxd4 5. cxd4 d6 6. Nf3 Nc6 7. Nc3 Nxc3 8. bxc3 dxe5 9. d5 Nb8 10. Nxe5 Qc7 11. Qd4 Nd7 12. Bf4 Qb6 13. Qd2 g6 14. Nxd7 Bxd7 15. Be5 f6 16. Bd4 Qd6 17. Bc4 Bg7 18. 0-0 0-0 19. Rfe1 Kh8 20. Qe3 Rfe8 21. Bb3 b6 22. c4 e6 23. c5 bxc5 24. Bxc5 Qe5 25. Qd2 Qc7 26. dxe6 Bxe6 27. Bxa7 Bxb3 28. Rxe8+ Rxe8 29. axb3 f5 30. Bd4 Bxd4 31. Qxd4+ Qg7 32. Qxg7+ Kxg7 33. b4 Kf6 34. b5 Rb8 35. Rb1 Ke6 36. h4 Kd5 37. Kh2 Kc5 38. Kg3 Kb6 39. Kf4 Re8 40. f3 Re2 41. g4 fxg4 42. fxg4 h6 43. Rd1 Re6 44. Rd5 Kb7 45. Rd7+ Kb6 46. Rh7 h5 47. gxh5 Kxb5 48. hxg6 Rxg6 49. Rc7 Kb6 50. Rc1 Rg2 51. h5 Rf2+ 52. Kg5 Rg2+ 53. Kh6 Kb7 54. Kh7 Rh2 55. h6 Rh3 56. Kg7 Rg3+ 57. Kh8 Rh3 58. h7 Rg3 59. Rf1 Kc7 60. Rf7+ Kd8 61. Rg7 Rf3 62. Kg8 Re3 63. h8Q Re8+ 64. Kh7 Rxh8+ 65. Kxh8 Ke8 66. Kh7 Kf8 67. Kh6 Ke8 68. Kg6 Kf8 69. Rf7+ Ke8 70. Kf6 Kd8 71. Re7 Kc8 72. Ke6 Kb8 73. Kd6 Kc8 74. Kc6 Kd8 75. Re6 Kc8 76. Re8# 1-0

[Event "Titled Tuesday intern op 12th Sep Early"]
[Site "Chess.com INT"]
[Date "2023.09.12"]
[Round "6"]
[White "Bhagat, Kush"]
[Black "Perossa, Nicolas"]
[Result "1-0"]
[WhiteElo "2209"]
[BlackElo "2265"]
[PlyCount "57"]
[EventDate "2023.09.12"]
[EventType "swiss (blitz)"]
[EventRounds "11"]
[EventCountry "USA"]
[SourceTitle "EXT 2024"]
[Source "ChessBase"]
[SourceDate "2023.10.10"]
[SourceVersion "1"]
[SourceVersionDate "2023.10.10"]
[SourceQuality "1"]

1. d4 d6 2. Bf4 Nd7 3. Nf3 Ngf6 4. e3 b6 5. h3 Bb7 6. c4 c6 7. Nc3 Qc7 8. Be2 e5 9. Bh2 Be7 10. 0-0 0-0 11. b4 a5 12. a3 axb4 13. axb4 Rxa1 14. Qxa1 Ra8 15. Qb2 Qb8 16. c5 bxc5 17. bxc5 dxc5 18. dxe5 Nd5 19. Nxd5 cxd5 20. e6 Qc8 21. exd7 Qxd7 22. Rb1 Bc6 23. Ne5 Qe6 24. Bg4 Qf6 25. Bg3 Be8 26. Qb7 Rd8 27. Bf3 Qe6 28. Rb6 Qf5 29. Qxe7 1-0

[Event "Titled Tuesday intern op 12th Sep Early"]
[Site "Chess.com INT"]
[Date "2023.09.12"]
[Round "5"]
[White "Dauner, Benedikt"]
[Black "Bhagat, Kush"]
[Result "1-0"]
[WhiteElo "2385"]
[BlackElo "2209"]
[PlyCount "167"]
[EventDate "2023.09.12"]
[EventType "swiss (blitz)"]
[EventRounds "11"]
[EventCountry "USA"]
[SourceTitle "EXT 2024"]
[Source "ChessBase"]
[SourceDate "2023.10.10"]
[SourceVersion "1"]
[SourceVersionDate "2023.10.10"]
[SourceQuality "1"]

1. d3 Nf6 2. c3 g6 3. Nd2 Bg7 4. Ngf3 d6 5. e4 0-0 6. Be2 c5 7. 0-0 Nc6 8. Re1 b5 9. Bf1 b4 10. d4 bxc3 11. bxc3 cxd4 12. cxd4 Bg4 13. h3 Bxf3 14. Nxf3 Nd7 15. Be3 Qa5 16. a3 Rfc8 17. Qd3 Rab8 18. Rec1 Qa4 19. Qa6 Qxa6 20. Bxa6 Rc7 21. Ra2 Rb6 22. Bf1 Rbb7 23. Rac2 Ndb8 24. d5 Bb2 25. Rb1 Bxa3 26. Rxb7 Rxb7 27. dxc6 Rc7 28. Bxa7 Nxc6 29. Bb6 Rc8 30. Ba6 Ra8 31. Rxc6 Rxa6 32. Rc8+ Kg7 33. Bd4+ e5 34. Be3 Ra4 35. Nd2 Bb4 36. Rc4 Ra1+ 37. Kh2 Ba5 38. Nb3 Ra3 39. Nxa5 Rxa5 40. Rc6 d5 41. Rc5 Rxc5 42. Bxc5 d4 43. Kg1 f5 44. f3 Kf6 45. Kf1 Ke6 46. Ke2 Kd7 47. Kd3 Kc6 48. Bf8 f4 49. Bg7 Kd6 50. Kc4 Ke6 51. Bh8 h5 52. Bg7 Kd6 53. Bh8 Ke6 54. Bg7 Kd6 55. Bh6 Ke6 56. Bg5 Kd6 57. Bd8 Ke6 58. Bc7 g5 59. Kd3 Kf6 60. Kc4 Ke6 61. Bd8 g4 62. hxg4 hxg4 63. fxg4 Kf7 64. Kd5 Kg6 65. Kxe5 d3 66. Ba5 Kg5 67. Bd2 Kxg4 68. Bxf4 Kh5 69. Bd2 Kg4 70. Kd6 Kg3 71. e5 Kxg2 72. e6 Kf2 73. e7 Ke2 74. Bh6 d2 75. Bxd2 Kxd2 76. e8Q Kc3 77. Qe5+ Kc2 78. Qd4 Kb3 79. Qc5 Ka4 80. Qb6 Ka3 81. Kc5 Ka2 82. Kc4 Ka1 83. Kc3 Ka2 84. Qb2# 1-0

[Event "Titled Tuesday intern op 12th Sep Early"]
[Site "Chess.com INT"]
[Date "2023.09.12"]
[Round "7"]
[White "Gutierrez Olivares, Daniel"]
[Black "Bhagat, Kush"]
[Result "1-0"]
[WhiteElo "2354"]
[BlackElo "2209"]
[PlyCount "109"]
[EventDate "2023.09.12"]
[EventType "swiss (blitz)"]
[EventRounds "11"]
[EventCountry "USA"]
[SourceTitle "EXT 2024"]
[Source "ChessBase"]
[SourceDate "2023.10.10"]
[SourceVersion "1"]
[SourceVersionDate "2023.10.10"]
[SourceQuality "1"]

1. Nf3 Nf6 2. b3 g6 3. Bb2 Bg7 4. g3 0-0 5. Bg2 d6 6. d4 e5 7. dxe5 Nfd7 8. 0-0 dxe5 9. Qc1 Nc6 10. Rd1 e4 11. Nfd2 f5 12. Nc4 Bxb2 13. Qxb2 Qe7 14. Nc3 Nb6 15. Nxb6 axb6 16. Nd5 Qf7 17. f3 exf3 18. exf3 Be6 19. f4 Rad8 20. c4 Rd7 21. Rd2 Qg7 22. Qxg7+ Kxg7 23. Rad1 Rfd8 24. Kf2 Ne7 25. Ke3 Bxd5 26. cxd5 Kf6 27. h3 h5 28. Bf3 Rd6 29. a4 R6d7 30. Rd4 Nc8 31. Kd3 c5 32. Rc4 Ne7 33. Kc2 Nxd5 34. Bxd5 Rxd5 35. Rxd5 Rxd5 36. b4 Ke6 37. a5 bxa5 38. bxa5 Kd7 39. Rc3 Kc6 40. Re3 Kb5 41. Re6 Kxa5 42. Rxg6 b5 43. Rg5 b4 44. g4 hxg4 45. hxg4 c4 46. Rxf5 Rxf5 47. gxf5 b3+ 48. Kc3 Ka4 49. f6 Ka3 50. f7 b2 51. f8Q+ Ka2 52. Qa8+ Kb1 53. Qb7 Kc1 54. Qxb2+ Kd1 55. Qd2# 1-0

[Event "Titled Tuesday intern op 05th Sep Early"]
[Site "Chess.com INT"]
[Date "2023.09.05"]
[Round "2"]
[White "Bhagat, Kush"]
[Black "Kazakouski, Valery"]
[Result "1/2-1/2"]
[WhiteElo "2209"]
[BlackElo "2558"]
[PlyCount "142"]
[EventDate "2023.09.05"]
[EventType "swiss (blitz)"]
[EventRounds "11"]
[EventCountry "USA"]
[SourceTitle "EXT 2024"]
[Source "ChessBase"]
[SourceDate "2023.10.10"]
[SourceVersion "1"]
[SourceVersionDate "2023.10.10"]
[SourceQuality "1"]

1. d4 Nf6 2. Bf4 e6 3. e3 c5 4. Nf3 cxd4 5. exd4 b6 6. c3 Be7 7. Nbd2 0-0 8. Bd3 Ba6 9. Bxa6 Nxa6 10. 0-0 d6 11. Re1 h6 12. h3 Qd7 13. Ne4 Nd5 14. Bh2 Rfc8 15. a4 Qc6 16. Nfd2 Nac7 17. Qf3 Ne8 18. Ng3 Bf8 19. Ndf1 a6 20. Ne3 Nxe3 21. Qxc6 Rxc6 22. Rxe3 Rcc8 23. Ne4 b5 24. axb5 axb5 25. Ree1 f5 26. Nd2 Kf7 27. Nb3 Nf6 28. f3 Nd5 29. Rxa8 Rxa8 30. Ra1 Rxa1+ 31. Nxa1 Nb6 32. b3 Nd5 33. c4 bxc4 34. bxc4 Ne3 35. c5 dxc5 36. dxc5 Bxc5 37. Nb3 Bb6 38. Kh1 Nc4 39. g4 Kf6 40. Kg2 Ne3+ 41. Kh1 h5 42. gxh5 Nd5 43. Nd2 Kg5 44. Nc4 Bd4 45. Kg2 Kxh5 46. Nd6 Ne3+ 47. Kh1 Kh4 48. Nb5 Bc5 49. Be5 Kxh3 50. Bxg7 Kg3 51. Nc7 Kxf3 52. Nxe6 Bd6 53. Nd4+ Kf2 54. Nxf5 Nxf5 55. Bf6 Ng3+ 56. Kh2 Ne4+ 57. Kh1 Kf3 58. Bd4 Ng3+ 59. Kg1 Ne2+ 60. Kf1 Nxd4 61. Kg1 Ne2+ 62. Kh1 Ng3+ 63. Kg1 Bf4 64. Kh2 Be3 65. Kh3 Bg1 66. Kh4 Ne4 67. Kh3 Ng3 68. Kh4 Be3 69. Kh3 Bc5 70. Kh2 Bb6 71. Kh3 Bg1 1/2-1/2

[Event "Budapest Vezerkepzo IM 07"]
[Site "Budapest"]
[Date "2023.07.26"]
[Round "4"]
[White "Hnydiuk, Aleksander"]
[Black "Bhagat, Kush"]
[Result "1/2-1/2"]
[WhiteElo "2361"]
[BlackElo "2184"]
[PlyCount "71"]
[EventDate "2023.07.24"]
[EventType "tourn"]
[EventRounds "9"]
[EventCountry "HUN"]
[SourceTitle "EXT 2024"]
[Source "ChessBase"]
[SourceDate "2023.10.10"]
[SourceVersion "1"]
[SourceVersionDate "2023.10.10"]
[SourceQuality "1"]

1. Nf3 Nf6 2. c4 g6 3. d4 Bg7 4. g3 0-0 5. Bg2 d6 6. Nc3 Nbd7 7. 0-0 e5 8. e4 c6 9. h3 Qb6 10. Re1 exd4 11. Nxd4 Re8 12. Nc2 Ne5 13. b3 Qc7 14. Be3 a5 15. f4 Ned7 16. Qd2 a4 17. b4 Nb6 18. Na3 Be6 19. c5 dxc5 20. bxc5 Nc4 21. Nxc4 Bxc4 22. Qc2 Qa5 23. e5 Nd5 24. Ne4 Nxe3 25. Rxe3 Be6 26. Nd6 Re7 27. Rb1 Qa7 28. Rb4 a3 29. Re1 Bxa2 30. Ra1 Be6 31. Qc3 a2 32. Kh2 h5 33. h4 Qa5 34. Bh3 Bd5 35. Bg2 Be6 36. Bh3 1/2-1/2

[Event "Koge Lang Sommer 4th"]
[Site "Koge"]
[Date "2023.07.12"]
[Round "9"]
[White "Bhagat, Kush"]
[Black "Damm, Kasper Wilken"]
[Result "1/2-1/2"]
[WhiteElo "2184"]
[BlackElo "2159"]
[PlyCount "34"]
[EventDate "2023.07.12"]
[EventType "tourn"]
[EventRounds "9"]
[EventCountry "DEN"]
[SourceTitle "EXT 2024"]
[Source "ChessBase"]
[SourceDate "2023.10.10"]
[SourceVersion "1"]
[SourceVersionDate "2023.10.10"]
[SourceQuality "1"]

1. d4 Nf6 2. Bf4 d5 3. e3 e6 4. Nf3 Bd6 5. Bd3 c5 6. c3 Qc7 7. Bxd6 Qxd6 8. Ne5 Nfd7 9. f4 0-0 10. 0-0 f5 11. Nd2 Nf6 12. Ndf3 b6 13. a4 a5 14. Qe1 Ba6 15. Bc4 Bb5 16. Bxb5 Na6 17. Bxa6 Ra7 1/2-1/2

[Event "Budapest FS07 IM"]
[Site "Budapest"]
[Date "2023.07.07"]
[Round "6"]
[White "Bhagat, Kush"]
[Black "Varga, Zoltan"]
[Result "1/2-1/2"]
[WhiteElo "2184"]
[BlackElo "2375"]
[PlyCount "185"]
[EventDate "2023.07.01"]
[EventType "swiss"]
[EventRounds "9"]
[EventCountry "HUN"]
[SourceTitle "EXT 2024"]
[Source "ChessBase"]
[SourceDate "2023.10.10"]
[SourceVersion "1"]
[SourceVersionDate "2023.10.10"]
[SourceQuality "1"]

1. d4 c5 2. c3 Nf6 3. Bf4 Qb6 4. Qc2 cxd4 5. cxd4 Nc6 6. e3 d5 7. Nc3 Bf5 8. Qd2 e6 9. a3 Ne4 10. Nxe4 Bxe4 11. Rc1 Be7 12. Nf3 f6 13. h4 Kf7 14. Be2 Rhc8 15. 0-0 Na5 16. Rxc8 Rxc8 17. Bd3 Nb3 18. Qd1 Nc1 19. Bxe4 dxe4 20. Nd2 Qxb2 21. d5 e5 22. d6 exf4 23. Qh5+ Ke6 24. dxe7 Kxe7 25. Nxe4 Ne2+ 26. Kh2 Qe5 27. Qg4 f5 28. Qg5+ Ke6 29. Rd1 fxe3+ 30. g3 exf2 31. Nxf2 Nd4 32. Rd3 Kf7 33. Rxd4 Qxd4 34. Qxf5+ Ke7 35. Qxc8 Qxf2+ 36. Kh3 Qf1+ 37. Kh2 Qe2+ 38. Kh1 Qd1+ 39. Kh2 Qd2+ 40. Kh1 Qd5+ 41. Kh2 h5 42. Qc7+ Kf6 43. Qc3+ Kf7 44. Qb2 b6 45. Qf2+ Ke6 46. Qe2+ Kd6 47. Qc2 Qe5 48. Qc8 Qe2+ 49. Kh1 Qg4 50. Qb8+ Kc6 51. a4 a5 52. Qa8+ Kc5 53. Qf8+ Kc4 54. Qf1+ Kc3 55. Qa1+ Kb3 56. Kh2 Qe2+ 57. Kh3 Qe6+ 58. Kh2 g6 59. Qd1+ Ka3 60. Qd4 Qa2+ 61. Kh3 Qb1 62. Qc3+ Kxa4 63. Qc4+ Ka3 64. Qc3+ Ka2 65. Qd2+ Qb2 66. Qd5+ Qb3 67. Qd2+ Kb1 68. Qd6 a4 69. Qxg6+ Kc1 70. Qxh5 Qe6+ 71. Kh2 a3 72. Qg5+ Kc2 73. Qb5 Qb3 74. Qe2+ Kc1 75. Kh3 a2 76. Qe1+ Kb2 77. Qd2+ Ka3 78. Qd6+ Ka4 79. Qc6+ b5 80. h5 Ka3 81. Qc1+ Qb2 82. Qe3+ Ka4 83. Qa7+ Kb3 84. Qe3+ Qc3 85. Qe6+ Ka3 86. Qa6+ Kb2 87. Qxb5+ Kc1 88. Qf1+ Kc2 89. Qe2+ Kb1 90. Qd1+ Kb2 91. Qe2+ Ka3 92. Qa6+ Kb2 93. Qe2+ 1/2-1/2

[Event "Budapest FS07 IM"]
[Site "Budapest"]
[Date "2023.07.05"]
[Round "5"]
[White "Alok, Sinha"]
[Black "Bhagat, Kush"]
[Result "0-1"]
[WhiteElo "2256"]
[BlackElo "2184"]
[PlyCount "106"]
[EventDate "2023.07.01"]
[EventType "swiss"]
[EventRounds "9"]
[EventCountry "HUN"]
[SourceTitle "EXT 2024"]
[Source "ChessBase"]
[SourceDate "2023.10.10"]
[SourceVersion "1"]
[SourceVersionDate "2023.10.10"]
[SourceQuality "1"]

1. e4 c5 2. Nf3 d6 3. d4 cxd4 4. Nxd4 Nf6 5. Nc3 Nc6 6. Bc4 Qb6 7. Nb3 e6 8. 0-0 Be7 9. a4 0-0 10. Be3 Qc7 11. f4 d5 12. Nb5 Qd8 13. exd5 Nxd5 14. Bxd5 exd5 15. N5d4 Bf6 16. c3 Re8 17. Qd3 Qe7 18. Bf2 Bxd4 19. Bxd4 Qe2 20. Qg3 Qg4 21. Rfe1 Bf5 22. Qf2 Re4 23. Rxe4 Bxe4 24. Re1 b6 25. h3 Qd7 26. Ra1 Qc7 27. Qg3 f5 28. Qf2 Re8 29. Rf1 Re6 30. Nd2 Qe7 31. Re1 Qd6 32. Nxe4 Rxe4 33. Rxe4 dxe4 34. g4 Nxd4 35. cxd4 fxg4 36. hxg4 Qd7 37. f5 Qxa4 38. Qd2 Kf7 39. Kf2 Qb3 40. Qg5 Qxb2+ 41. Kg3 Qc3+ 42. Kg2 Qxd4 43. Qc1 e3 44. Qc7+ Kf6 45. Kf3 Qd5+ 46. Ke2 Qd2+ 47. Kf3 e2 48. g5+ Qxg5 49. Qc6+ Kxf5 50. Qc8+ Kg6 51. Qe8+ Kh6 52. Kf2 Qh4+ 53. Kg2 e1Q 0-1

[Event "Balatonlelle Rigo Memorial IM 2nd"]
[Site "Balatonlelle"]
[Date "2023.06.22"]
[Round "9"]
[White "Bhagat, Kush"]
[Black "Saypuri, Srithan"]
[Result "1/2-1/2"]
[WhiteElo "2186"]
[BlackElo "2175"]
[PlyCount "26"]
[EventDate "2023.06.14"]
[EventType "tourn"]
[EventRounds "9"]
[EventCountry "HUN"]
[EventCategory "1"]
[SourceTitle "CBM 214 Extra"]
[Source "ChessBase"]
[SourceDate "2023.07.31"]
[SourceVersion "1"]
[SourceVersionDate "2023.07.31"]
[SourceQuality "1"]

1. d4 d5 2. Bf4 c5 3. e3 cxd4 4. exd4 Nc6 5. Nf3 Bf5 6. c3 e6 7. Be2 Bd6 8. Bg3 h6 9. Nbd2 Nf6 10. 0-0 Bxg3 11. hxg3 0-0 12. Re1 Bh7 13. Ne5 Qb6 1/2-1/2

[Event "North American op 32nd"]
[Site "Las Vegas"]
[Date "2022.12.29"]
[Round "8"]
[White "Jin, Ashton"]
[Black "Bhagat, Kush"]
[Result "1-0"]
[WhiteElo "2170"]
[BlackElo "2324"]
[PlyCount "76"]
[EventDate "2022.12.26"]
[EventType "swiss"]
[EventRounds "9"]
[EventCountry "USA"]
[SourceTitle "CBM 211 Extra"]
[Source "ChessBase"]
[SourceDate "2023.01.31"]
[SourceVersion "1"]
[SourceVersionDate "2023.01.31"]
[SourceQuality "1"]

1. d4 Nf6 2. c4 g6 3. g3 Bg7 4. Bg2 d6 5. Nc3 0-0 6. Nf3 Nbd7 7. 0-0 e5 8. e4 c6 9. h3 Qb6 10. Re1 exd4 11. Nxd4 Re8 12. Nc2 Ne5 13. b3 Nfd7 14. Na4 Qc7 15. f4 Nxc4 16. bxc4 Bxa1 17. Nxa1 b5 18. Nb2 Rb8 19. Nc2 Nc5 20. cxb5 cxb5 21. Nb4 Bb7 22. Nd5 Bxd5 23. Qxd5 Rbd8 24. Be3 Qb7 25. Qxb7 Nxb7 26. Rd1 Na5 27. Bd4 Rc8 28. Nd3 Nc6 29. Bb2 Na5 30. Nb4 Nc4 31. Bd4 Nb6 32. Bxb6 axb6 33. Rxd6 Rc4 34. a3 Rc3 35. Nd5 Rc1+ 36. Kh2 Ra8 37. Rxb6 Rb1 38. Nc7 Rb3 1-0